| 000 | 00660nam a2200253 a 4500 | ||
|---|---|---|---|
| 999 |
_c28658 _d28658 |
||
| 001 | 28658 | ||
| 003 | Mx-PuUPA | ||
| 005 | 20251014092833.0 | ||
| 008 | 140415s1981 mx 000 0 spa d | ||
| 020 | _a968241068 | ||
| 040 | _cMx-PuUPA | ||
| 041 | _aspa | ||
| 082 |
_a657.45 _bROD |
||
| 100 | 1 |
_aRodríguez Valencia, Joaquín, _95004 |
|
| 245 | 1 | 0 | _aSinopsis de auditoria administrativa. |
| 250 | _aPrimera edición | ||
| 264 |
_aMéxico _bTrillas, _c1981 |
||
| 300 |
_axv, 297 páginas: ; _c24 cm. |
||
| 336 |
_atexto _2rdacontent |
||
| 337 |
_asin mediación _2rdamedia |
||
| 338 |
_avolumen _2rdacarrier |
||
| 650 | 1 | 4 | _aAuditoria |
| 942 |
_2ddc _cLI |
||